LEADER 01503nam 2200373 n 450 001 996389145003316 005 20221108032036.0 035 $a(CKB)1000000000644351 035 $a(EEBO)2240939576 035 $a(UnM)99869367 035 $a(EXLCZ)991000000000644351 100 $a19940725d1647 uy | 101 0 $aeng 135 $aurbn||||a|bb| 200 10$aCauses of a publike fast, and solemne humiliation to be kept throughout the Church of Scotland upon the last Sabbath of this instant month of July, being the 25. day thereof 1647$b[electronic resource] 210 $aPrinted at Edinburgh $cby Evan Tyler, printer to the Kings most Excellent Maiestie$d1647 215 $a1 sheet ([1] p.) 300 $aSigned at end: A. Ker. 300 $aAnnotation on Thomason copy: "Aug: 1st". 300 $aReproduction of the original in the British Library. 330 $aeebo-0018 606 $aFasts and feasts$xChurch of Scotland$vEarly works to 1800 606 $aPublic worship$zScotland$vEarly works to 1800 615 0$aFasts and feasts$xChurch of Scotland 615 0$aPublic worship 701 $aKer$b A$01001307 801 0$bCu-RivES 801 1$bCu-RivES 801 2$bCStRLIN 801 2$bWaOLN 906 $aBOOK 912 $a996389145003316 996 $aCauses of a publike fast, and solemne humiliation to be kept throughout the Church of Scotland upon the last Sabbath of this instant month of July, being the 25. day thereof 1647$92418031 997 $aUNISA LEADER 04169 am 22006133u 450 001 996552367503316 005 20230621135324.0 024 7 $a10.7765/9781526114013 035 $a(CKB)3710000000658914 035 $a(OCoLC)1030813723 035 $a(DE-B1597)659563 035 $a(DE-B1597)9781526114013 035 $a(EXLCZ)993710000000658914 100 $a20170206h20162016 uy 0 101 0 $aeng 135 $aurcn#nnn||||| 181 $ctxt$2rdacontent 182 $cc$2rdamedia 183 $acr$2rdacarrier 200 10$aLoud and proud $epassion and politics in the English Defence League /$fHilary Pilkington 210 1$aManchester, England :$cManchester University Press,$d2016. 210 4$dİ2016 215 $a1 online resource (xvi, 254 pages) $cillustrations, portraits, charts 225 0 $aOpen Access e-Books 225 0 $aKnowledge Unlatched 225 1 $aNew Ethnographies 300 $aIncludes a foreword by Anoop Nayak. 311 $a1-78499-259-3 311 $a1-5261-1401-1 320 $aIncludes bibliographical references (pages [238]-346) and index. 327 $aIntroduction: Transgressing the cordon sanitaire: understanding the English Defence League as a social movement -- 1. The contagion of stigma: the ethics and politics of research with the 'far right' -- 2. Tommy Robinson's barmy army: the past, present and future of the English Defence League -- 3. Doing the hokey-cokey: everyday trajectories of activism -- 4. 'Not racist, not violent, just no longer silent': aspirations to non-racism -- 5. 'Their way or no way': anti-Islam and anti-Muslim sentiments -- 6. 'Second-class citizens': reordering privilege and prejudice -- 7. 'One big family': emotion, affect and the meaning of activism -- 8. 'Loud and proud': piercing the politics of silencing -- Conclusion: Passion and politics -- Appendix 1. Observed events -- Appendix 2. Respondent set. 330 3 $aThe book uses interviews, informal conversations and extended observation at EDL events to critically reflect on the gap between the movement's public image and activists' own understandings of it. It details how activists construct the EDL, and themselves, as 'not racist, not violent, just no longer silent' inter alia through the exclusion of Muslims as a possible object of racism on the grounds that they are a religiously not racially defined group. In contrast activists perceive themselves to be 'second-class citizens', disadvantaged and discriminated by a 'two-tier' justice system that privileges the rights of 'others'. This failure to recognise themselves as a privileged white majority explains why ostensibly intimidating EDL street demonstrations marked by racist chanting and nationalistic flag waving are understood by activists as standing 'loud and proud'; the only way of 'being heard' in a political system governed by a politics of silencing. Unlike most studies of 'far right' movements, this book focuses not on the EDL as an organisation - its origins, ideology, strategic repertoire and effectiveness - but on the individuals who constitute the movement. Its ethnographic approach challenges stereotypes and allows insight into the emotional as well as political dimension of activism. At the same time, the book recognises and discusses the complex political and ethical issues of conducting close-up social research with 'distasteful' groups. 410 0$aNew ethnographies. 606 $aProtest movements$zGreat Britain 606 $aRight wing extremists$zGreat Britain 607 $aGreat Britain$2fast 610 $aEnglish Defence League. 610 $aEthnography. 610 $aFar right organisations. 610 $aIslamophobia. 610 $aPolitical activism. 610 $aPopulist radical right movements. 610 $aSocial movements. 615 0$aProtest movements 615 0$aRight wing extremists 676 $a305.6970941 700 $aPilkington$b Hilary$f1964,$0851234 702 $aNayak$b Anoop 801 2$bUkMaJRU 801 2$bAuAdUSA 906 $aBOOK 912 $a996552367503316 996 $aLoud and proud$92132101 997 $aUNISA